MARC details
| 000 -LEADER |
| fixed length control field |
02335cam a2200421Ka 4500 |
| 001 - CONTROL NUMBER |
| control field |
7996196 |
| 003 - CONTROL NUMBER IDENTIFIER |
| control field |
ARRUPE |
| 005 - DATE AND TIME OF LATEST TRANSACTION |
| control field |
20140327140939.0 |
| 006 - FIXED-LENGTH DATA ELEMENTS--ADDITIONAL MATERIAL CHARACTERISTICS--GENERAL INFORMATION |
| fixed length control field |
m d |
| 007 - PHYSICAL DESCRIPTION FIXED FIELD--GENERAL INFORMATION |
| fixed length control field |
cr bn||||||abp |
| 007 - PHYSICAL DESCRIPTION FIXED FIELD--GENERAL INFORMATION |
| fixed length control field |
cr bn||||||ada |
| 008 - FIXED-LENGTH DATA ELEMENTS--GENERAL INFORMATION |
| fixed length control field |
100422m18921895enkabcf ob 000 0 engsd |
| 035 ## - SYSTEM CONTROL NUMBER |
| System control number |
(OCoLC)ocn608580335 |
| 035 ## - SYSTEM CONTROL NUMBER |
| System control number |
(OCoLC)608580335 |
| Canceled/invalid control number |
(OCoLC)615221587 |
| 040 ## - CATALOGING SOURCE |
| Original cataloging agency |
OCLCE |
| Language of cataloging |
eng |
| Transcribing agency |
OCLCE |
| Modifying agency |
OCLCQ |
| 043 ## - GEOGRAPHIC AREA CODE |
| Geographic area code |
f------ |
| 049 ## - LOCAL HOLDINGS (OCLC) |
| Holding library |
ZCUA |
| 050 #4 - LIBRARY OF CONGRESS CALL NUMBER |
| Classification number |
DT11 |
| Item number |
.B8 1892 |
| 082 04 - DEWEY DECIMAL CLASSIFICATION NUMBER |
| Classification number |
916 |
| Item number |
B879s |
| 300 ## - PHYSICAL DESCRIPTION |
| Other physical details |
ill., ports., maps. |
| Dimensions |
26cm. |
| 100 1# - MAIN ENTRY--PERSONAL NAME |
| Personal name |
Brown, Robert, |
| Dates associated with a name |
1842-1895. |
| 9 (RLIN) |
9539 |
| 245 14 - TITLE STATEMENT |
| Title |
The story of Africa and its explorers |
| Statement of responsibility, etc |
by Robert Brown. |
| 260 ## - PUBLICATION, DISTRIBUTION, ETC. (IMPRINT) |
| Place of publication, distribution, etc |
London : |
| Name of publisher, distributor, etc |
Cassell, |
| Date of publication, distribution, etc |
1892-1895. |
| 300 ## - PHYSICAL DESCRIPTION |
| Extent |
312p. ; |
| 504 ## - BIBLIOGRAPHY, ETC. NOTE |
| Bibliography, etc |
Includes bibliographical references. |
| 505 0# - FORMATTED CONTENTS NOTE |
| Formatted contents note |
Vol. I. The Guinea traders. The corsairs of Africa. The tale of Timbuctoo. The Niger -- Vol. II. The river of Egypt. The great lakes. Across the continent. The Congo -- Vol. III. The last of a long tale. The Sahara. The missionaries. The hunters. The international explorers -- Vol. IV. Europe in Africa. Colonies and colonists. The scramble for an empire. A continent under companies. |
| 506 ## - RESTRICTIONS ON ACCESS NOTE |
| Materials specified |
Use copy |
| Standardized terminology for access restriction |
Restrictions unspecified |
| Source of term |
star |
| Institution to which field applies |
MiAaHDL |
| 533 ## - REPRODUCTION NOTE |
| Type of reproduction |
Electronic reproduction. |
| Place of reproduction |
[S.l.] : |
| Agency responsible for reproduction |
HathiTrust Digital Library, |
| Date of reproduction |
2010. |
| 538 ## - SYSTEM DETAILS NOTE |
| System details note |
Master and use copy. Digital master created according to Benchmark for Faithful Digital Reproductions of Monographs and Serials, Version 1. Digital Library Federation, December 2002. |
| Uniform Resource Identifier |
<a href="http://purl.oclc.org/DLF/benchrepro0212">http://purl.oclc.org/DLF/benchrepro0212</a> |
| 583 1# - ACTION NOTE |
| Action |
digitized |
| Time/date of action |
2010 |
| Jurisdiction |
HathiTrust Digital Library |
| Status |
committed to preserve |
| Source of term |
pda |
| Institution to which field applies |
MiAaHDL |
| 583 1# - ACTION NOTE |
| Action |
digitized |
| Time/date of action |
2010 |
| Jurisdiction |
HathiTrust Digital Library |
| Status |
committed to preserve |
| Source of term |
pda |
| Institution to which field applies |
MiAaHDL |
| 583 1# - ACTION NOTE |
| Action |
digitized |
| Time/date of action |
2010 |
| Jurisdiction |
HathiTrust Digital Library |
| Status |
committed to preserve |
| Source of term |
pda |
| Institution to which field applies |
MiAaHDL |
| 651 #0 - SUBJECT ADDED ENTRY--GEOGRAPHIC NAME |
| Geographic name |
Africa |
| General subdivision |
Discovery and exploration. |
| 9 (RLIN) |
9540 |
| 651 #0 - SUBJECT ADDED ENTRY--GEOGRAPHIC NAME |
| Geographic name |
Africa |
| General subdivision |
Colonization. |
| 9 (RLIN) |
9541 |
| 776 08 - ADDITIONAL PHYSICAL FORM ENTRY |
| Display text |
Print version: |
| Main entry heading |
Brown, Robert, 1842-1895. |
| Title |
Story of Africa and its explorers. |
| Place, publisher, and date of publication |
London : Cassell, 1892-1895 |
| Record control number |
(OCoLC)11406995 |
| 856 40 - ELECTRONIC LOCATION AND ACCESS |
| Materials specified |
HathiTrust Digital Library |
| Uniform Resource Identifier |
<a href="http://catalog.hathitrust.org/api/volumes/oclc/59488385.html">http://catalog.hathitrust.org/api/volumes/oclc/59488385.html</a> |
| 856 40 - ELECTRONIC LOCATION AND ACCESS |
| Materials specified |
HathiTrust Digital Library |
| Uniform Resource Identifier |
<a href="http://catalog.hathitrust.org/api/volumes/oclc/11406995.html">http://catalog.hathitrust.org/api/volumes/oclc/11406995.html</a> |
| 942 ## - ADDED ENTRY ELEMENTS (KOHA) |
| Source of classification or shelving scheme |
Library of Congress Classification |
| Koha item type |
REFERENCE |